000 00334nam a2200145Ia 4500
005 20251222125349.0
008 251222s1900||||xx |||||||||||||| ||spa||
020 _a978-0-230-42034-2
082 _aCD425.01/K71T/6
100 _aKniveton, Julie
245 0 _aBounle now 6.
250 _a1a.ed.
264 _bMacmillan,
942 _cCD
999 _c2675
_d2675